| Tag |
First Indicator |
Second Indicator |
Subfields |
| LEADER |
00000cam a2200000 4500 |
| 001 |
in00000065929 |
| 005 |
20151008051230.0 |
| 008 |
810622s1956 ilu b 000 0 eng |
| 010 |
|
|
|a 56058482
|
| 016 |
7 |
|
|a 02930570R
|2 DNLM
|
| 019 |
|
|
|a 264139
|
| 029 |
0 |
|
|a NLM
|b 02930570R
|
| 035 |
|
|
|a (OCoLC)16739069
|
| 040 |
|
|
|a NLM
|b eng
|c NLM
|d ORZ
|d DLC
|d OCLCF
|d OCLCQ
|d BUF
|d HUELT
|d OCLCO
|d KSU
|d OCLCO
|d OCL
|d OCLCQ
|d OCLCO
|
| 049 |
|
|
|a TXAM
|
| 050 |
|
0 |
|a HV2395
|b .G4 1956
|
| 050 |
0 |
0 |
|a HV2395
|b .G4 1956
|
| 060 |
0 |
0 |
|a HV 2430
|b G394e 1953
|
| 082 |
0 |
4 |
|a 649/.1512
|2 19
|
| 092 |
|
|
|a 362.4
|b G394e
|
| 100 |
1 |
|
|a Getz, Steven B.,
|d 1925-
|
| 245 |
1 |
0 |
|a Environment and the deaf child.
|
| 250 |
|
|
|a [1st ed.].
|
| 260 |
|
|
|a Springfield, Ill.,
|b Thomas
|c [1956, ©1953]
|
| 264 |
|
1 |
|a Springfield :
|b Thomas,
|c [1953]
|
| 264 |
|
4 |
|c [©1953]
|
| 300 |
|
|
|a xvi, 173 pages
|
| 336 |
|
|
|a text
|b txt
|2 rdacontent
|
| 337 |
|
|
|a unmediated
|b n
|2 rdamedia
|
| 338 |
|
|
|a volume
|b nc
|2 rdacarrier
|
| 504 |
|
|
|a Includes bibliographical references.
|
| 650 |
|
0 |
|a Deafness in children.
|
| 655 |
|
2 |
|a Academic Dissertation
|0 (DNLM)D019478
|
| 700 |
1 |
|
|a Getz, Steven B.,
|d 1925-
|t A study of the personal adjustment of hypacousic boys.
|
| 776 |
0 |
8 |
|i Online version:
|a Getz, Steven B., 1925-
|t Environment and the deaf child.
|b [1st ed.].
|d Springfield, Ill.: Charles C. Thomas, 1956, ©1953
|w (OCoLC)576883162
|
| 999 |
|
|
|a MARS
|
| 999 |
f |
f |
|s af4a299f-7ae2-34d7-bb99-36326ccae0bb
|i 33412417-b3d5-3e30-8f8c-498fc2ec4576
|t 0
|
| 952 |
f |
f |
|p ric
|a Texas A&M University
|b Rellis Campus
|c Joint Library Facility
|s JLF
|d Remote Storage
|t 0
|e HV2395 .G4 1956
|h Library of Congress classification
|i unmediated -- volume
|m A14800810208
|